Erciyes Üniversitesi Hukuk Fakültesi Dergisi. (Record no. 200130561)

MARC details
000 -LEADER
fixed length control field 00647 a2200253 4500
001 - CONTROL NUMBER
control field 200130561
003 - CONTROL NUMBER IDENTIFIER
control field TR-AnTOB
005 - DATE AND TIME OF LATEST TRANSACTION
control field 20190322123214.0
008 - FIXED-LENGTH DATA ELEMENTS--GENERAL INFORMATION
fixed length control field 160506b tu n0 0 0
022 ## - INTERNATIONAL STANDARD SERIAL NUMBER
International Standard Serial Number 13063839
040 ## - CATALOGING SOURCE
Original cataloging agency TR-AnTOB
041 ## - LANGUAGE CODE
Language code of text/sound track or separate title Türkçe
050 ## - LIBRARY OF CONGRESS CALL NUMBER
Classification number KKX/18
Item number .ERC
090 ## - LOCALLY ASSIGNED LC-TYPE CALL NUMBER (OCLC); LOCAL CALL NUMBER (RLIN)
Classification number (OCLC) (R) ; Classification number, CALL (RLIN) (NR) KKX/18 .ERC
099 ## - LOCAL FREE-TEXT CALL NUMBER (OCLC)
Classification number JOURNAL - ERCÜ
245 #0 - TITLE STATEMENT
Title Erciyes Üniversitesi Hukuk Fakültesi Dergisi.
260 ## - PUBLICATION, DISTRIBUTION, ETC.
Place of publication, distribution, etc. Erciyes;:
Name of publisher, distributor, etc. Erciyes Üniversitesi
300 ## - PHYSICAL DESCRIPTION
Extent v.
Dimensions 24 cm.
310 ## - CURRENT PUBLICATION FREQUENCY
Current publication frequency Yılda iki kez
650 ## - SUBJECT ADDED ENTRY--TOPICAL TERM
Topical term or geographic name entry element Hukuk
Geographic subdivision Türkiye
Form subdivision Süreli yayınlar
9 (RLIN) 70541
Topical term or geographic name entry element Law
Geographic subdivision Turkey
Form subdivision Periodicals
9 (RLIN) 70540
942 ## - ADDED ENTRY ELEMENTS (KOHA)
Koha item type Continuing Resource

No items available.

Devinim Yazılım Eğitim Danışmanlık tarafından Koha'nın orjinal sürümü uyarlanarak geliştirilip kurulmuştur.